| 000 | 00606nam a2200181 a 4500 | ||
|---|---|---|---|
| 001 | 000027643 | ||
| 005 | 20240229073944.0 | ||
| 008 | 110404s19uu dr ab 000 0 spa d | ||
| 040 |
_aDO-SdBNP _bspa _cBNPHU |
||
| 082 |
_axxxx _bC531s |
||
| 100 | 1 |
_aChez Checo, José, _d1949- _910145 |
|
| 245 | 1 | 0 |
_aSignificación histórica del sermón de montesinos / _cJosé Chez Checo. |
| 260 |
_aSanto Domingo : _bTaller, _c[19--?]. |
||
| 300 |
_a201 p. : _bil., map. ; _c23 cm. |
||
| 504 | _aIncluye referencias bibliográficas y notas al pie de las páginas | ||
| 504 | _aBibliografía : p. 200-201 | ||
| 049 | _aBNPD | ||
| 999 |
_c27135 _d27135 |
||